000 00330 a2200157 4500
001 60127
020 _a8573114339
040 _cAnchieta - Pituba
100 _aOliveira, Maria Alexandre de
240 1 0 _aLeitura prazer
_lpor
245 1 0 _aLeitura prazer
300 _a292
362 0 _a1996
650 4 _aLeitura
942 _cBK
999 _c60127
_d60127